EU Institutionen - Statistiken

Allgemein
  • Dieses Quiz wurde 42 mal gespielt
  • Das Durchschnittsergebnis liegt bei 4 aus 7
Antwortstatistiken
Antwort % Korrekt
Europäischer Gerichtshof
73%
Europäischer Rat
73%
Europäisches Parlament
73%
Europäische Zentralbank
58%
Europäische Kommission
55%
Rat der Europäischen Union
42%
Europäischer Rechnungshof
15%
Keine übereinstimmenden Quizze gefunden
Verteilung der Resultate
Anzahl Personen mit jedem Resultat
Perzentil nach korrekt beantworteten Fragen
Ihre Resultats-Entwicklung
Sie haben dieses Quiz noch nicht gespielt